Statistics for Dance Academy Trivia Questions

Click here to take the quiz!

General Stats

  • This quiz has been taken 1,440 times
  • The average score is 11 of 14

Answer Stats

Question Answer % Correct
Who is the main character in Dance Academy?Tara
100%
Best friend of Tara (female)?Kat
96%
Who dies at the end of Series 2?Sammy
95%
First boyfriend of ^?Ethan
95%
Best friend of Tara (male)Sammy
95%
Tara's roommate?Abigail
94%
Second boyfriend of the main character?Christian
92%
Location of the Academy (city)Sydney
77%
Colour of the Leodards and Skirts for First Years?Purple
73%
Female Dance Teacher?Miss Raine
73%
Male Dance Teacher for Series 2-3Zach
61%
Colour of Leotards and Skirts for Second Years?Green
56%
End of Year Production for Series 1?The Nutcracker
41%
Male Dance Teacher for Series 1?Patrick
37%

Score Distribution

Percentile by Number Answered

Percent of People with Each Score

Your Score History

You have not taken this quiz